| 000 | 01459nam a22003617a 4500 | ||
|---|---|---|---|
| 003 | CHAP | ||
| 005 | 20220329143726.0 | ||
| 008 | 110419s2010 mx r 00010 spa d | ||
| 010 | _a100983 | ||
| 011 | _a101955 | ||
| 035 | _a112643 | ||
| 040 | _cCHAP | ||
| 090 | _aTesis | ||
| 100 | 1 |
_aRivera Meía, Luis Gonzalo. _997698 |
|
| 245 | 1 | 0 |
_aApreciación del seguro agropecuario a partir del ejercicio profecional _h[En línea] _c/por Luis Gonzalo Rivera Mejía |
| 260 |
_aChapingo, Méx. : _bEl autor, _c2010 |
||
| 500 | _aPara ver el contenido del material haga clic en la liga | ||
| 502 | _aTesis (Ing. Agr. Esp. en Zootecnia) -- UACH. Departamento de Enseñanza, Investigación y Servicio en Zootecnia | ||
| 590 |
_aALEPH _b10 _c20130110 _lUCH01 _h1540 |
||
| 590 |
_aBATCH-UPD _b10 _c20130110 _lUCH01 _h1854 |
||
| 590 |
_aBATCH-UPD _b10 _c20130410 _lUCH01 _h1223 |
||
| 590 |
_aBATCH-UPD _b10 _c20130914 _lUCH01 _h2005 |
||
| 590 |
_aBATCH-UPD _b10 _c20140324 _lUCH01 _h1524 |
||
| 590 |
_aBATCH-UPD _b10 _c20141002 _lUCH01 _h0848 |
||
| 590 |
_aCONVERSION _b10 _c20130109 _lUCH01 _h1356 |
||
| 650 | 1 | 4 |
_aSeguros agrícola _xMéxico. _9103734 |
| 650 | 1 | 4 |
_aSeguros _xHistoria _xMéxico. _9103730 |
| 856 |
_3Finding aid _uhttp://10.13.5.2/tesis/112643.pdf _zTeclea aqui |
||
| 901 | _aBK | ||
| 942 | _cFOLL | ||
| 949 |
_aTesis _bBC _cTES _d33724002257330 _eTS2 _fc.2 _gDonaciØn _h52182 _i112643 _st |
||
| 949 |
_aTesis _bBC _cTES _d33724002257371 _eTS1 _gDonaciØn _h52181 _i112643 _st |
||
| 999 |
_c100983 _d100983 |
||